000
00261nam a2200097Ia 4500
001
651973
005
20250826154429.0
008
250824s9999 xx 000 0 und d
245
0
_a
MONTE KRİSTO GENÇLİK KLASİKLERİ
_c
ALEXANDRE DUMAS
260
_b
TİMAŞ ÇOCUK
999
_c
651973
_d
651973